000 00309nam a2200109 4500
999 _c9920
_d9920
008 180723b ||||| |||| 00| 0 eng d
245 _aFVR mission to focus on tourism, fishing.
260 _aPhilippines
_bPhilippine Daily Inquirer
_cc2016
300 _apage A13.
650 0 _929296
_aTourism.
942 _2ddc
_cPER